<?xml version="1.0" encoding="UTF-8"?>
<marc:record xmlns:marc="http://www.loc.gov/MARC21/slim">
   <marc:leader>00000nam a2200000 a 4500</marc:leader>
   <marc:datafield ind1="1" ind2=" " tag="100">
      <marc:subfield code="a">Deauville, James</marc:subfield>
      <marc:subfield code="4">aut</marc:subfield>
      <marc:subfield code="e">Verfasser/-in</marc:subfield>
   </marc:datafield>
   <marc:datafield ind1="0" ind2="0" tag="245">
      <marc:subfield code="a">Brüder fürs Leben</marc:subfield>
   </marc:datafield>
   <marc:datafield ind1="0" ind2="0" tag="245">
      <marc:subfield code="b">Geschichte in Einfacher Sprache</marc:subfield>
   </marc:datafield>
   <marc:datafield ind1="0" ind2="0" tag="245">
      <marc:subfield code="c">James Deauville</marc:subfield>
   </marc:datafield>
   <marc:datafield ind1=" " ind2="1" tag="264">
      <marc:subfield code="a">Münster</marc:subfield>
      <marc:subfield code="b">Spaß am Lesen</marc:subfield>
      <marc:subfield code="c">2024</marc:subfield>
   </marc:datafield>
   <marc:datafield ind1=" " ind2=" " tag="250">
      <marc:subfield code="a">1. Auflage</marc:subfield>
   </marc:datafield>
   <marc:datafield ind1="1" ind2=" " tag="520">
      <marc:subfield code="a">Harry ist 15 Jahre alt und ein richtig guter Kickboxer. Aber Harrys Eltern beachten ihn kaum. Sie verbringen viel mehr Zeit mit seinem kleinen Bruder, Alfred. Denn Alfred ist autistisch und seine Eltern kümmern sich deshalb viel um ihn. Harry ist oft enttäuscht und sauer, wenn seine Eltern ihn vergessen. Er gibt Alfred die Schuld dafür. Eines Tages wollen ihre Eltern einen Ausflug zu zweit machen. Und Harry soll auf Alfred aufpassen. Als die beiden Brüder allein sind, verliert Harry die Geduld</marc:subfield>
   </marc:datafield>
   <marc:datafield ind1=" " ind2=" " tag="020">
      <marc:subfield code="a">9783910531314</marc:subfield>
      <marc:subfield code="9">9783910531314</marc:subfield>
   </marc:datafield>
   <marc:datafield ind1=" " ind2=" " tag="020">
      <marc:subfield code="a">3910531318</marc:subfield>
      <marc:subfield code="9">3910531318</marc:subfield>
   </marc:datafield>
   <marc:datafield ind1="3" ind2=" " tag="024">
      <marc:subfield code="a">9783910531314</marc:subfield>
   </marc:datafield>
   <marc:datafield ind1=" " ind2=" " tag="041">
      <marc:subfield code="a">ger</marc:subfield>
   </marc:datafield>
   <marc:datafield ind1=" " ind2=" " tag="300">
      <marc:subfield code="a">71 Seiten</marc:subfield>
   </marc:datafield>
</marc:record>
